| 000 | 00677cam a22002413a 4500 | ||
|---|---|---|---|
| 001 | 29828 | ||
| 003 | PGUSA | ||
| 005 | 20140828083638.0 | ||
| 008 | 090828s2009||||xxu|||||s|||||000 1 eng d | ||
| 040 |
_aPGUSA _beng |
||
| 042 | _adc | ||
| 050 | 4 | _aPR | |
| 100 | 1 |
_aTrollope, Anthony, _d1815-1882 |
|
| 245 | 1 | 0 |
_aIs He Popenjoy? _h[electronic resource] / _cAnthony Trollope |
| 260 |
_bProject Gutenberg, _c2009 |
||
| 506 | _aPublic domain in the USA. | ||
| 516 | _aElectronic text | ||
| 653 | _aDomestic fiction | ||
| 653 | _aInheritance and succession -- Fiction | ||
| 830 | 0 |
_aProject Gutenberg _v29828 |
|
| 856 | 4 | 0 | _uhttp://www.gutenberg.org/ebooks/29828 |
| 942 | _cEB | ||
| 999 |
_c259083 _d259083 |
||